Mathcock - Statistiques

Statistiques générales
  • Ce quiz a été pris 4 fois
  • Le résultat moyen est 6 sur 14
Statistiques - réponses
Hint Réponse % Correct
Cringe jeu auquel jouent les nostalgiques de 2013 Minecraft
100%
Objet à penser à acheter quand on joue un autre perso que Cassiopeia sous peine de se faire insulter Bottes
50%
Cringe jeu auquel jouent les gosses de 7 ans Club Pingouin
50%
Goat des jeux pour faire des maps bateaux en créatif Fortnite
50%
Jeu auquel le leandro sauvage doit absolument continuer sous peine de se faire insulter Genshin Impact
50%
Perso cringe avec des tentacules qui ne sont pas des tentacules Illaoi
50%
Leandro illuminé par la lumière divine leand
50%
Extrémité du corps qui permet au matrouxe sauvage de s'effrayer lui-même lorsque passée derrière sa tête Main
50%
Jeu qu'on doit coder depuis 6 ans ptdr Parasites
50%
Ami commun actuellement hardstuck silver 4 Thomas
50%
Action normalement impossible réalisée par le PC du mathrock sauvage Bruler de l'intérieur
0%
Action normalement impossible réalisée par la voiture du mathrock sauvage Geler de l'intérieur
0%
Surnom affectueux pour Leandro Matrhoxitaxitouxoxitalouliouxoratixouxe on the flooxitouxe
0%
Poste ou est jouable Cassiopeia sans faire 2/12 à chaque game Midlane
0%
Aucun quiz correspondant
Distribution des résultats
% des personnes avec chaque résultat
Percentile par nombre de réponses
Votre historique - résultats
Vous n’avez pas pris ce quiz